000 01960nam1a22003491i 4500
001 RU\NLR\19V\935706
005 20260407113558.0
035 _a(NLR Aleph) 010506196
090 _a10157414
_c10157414
100 _a20141014g18171821k y0rusy50 ca
101 0 _arus
102 _aRU
140 _ay y zz yaa0000
200 1 _aЖурнал собрания конференции Санктпетербургской духовной академии...
210 _aСанктпетербург
_cв Морской типографии
_d1817-1821
215 _d
300 _aЦенз.: Иннокентий (И. Д. Смирнов) (...июля 18 дня 1817 года); Поликарп (П. Е. Гойтанников) (...августа 9 дня 1819 года; ...28 июля 1821 года)
321 1 _aСК 1801-1825 6434-6436
518 1 _aЖурнал собрания конференции Санкт-Петербургской духовной академии...
620 _dСанкт-Петербург
702 0 _4190
_8rus
_7ca
_aПоликарп
_cГойтанников, Петр Ефимович
_cархимандрит
_f1787-1837
_3RU\NLR\AUTH\7792559
_975486
702 0 _4190
_8rus
_7ca
_aИннокентий
_cСмирнов, Илларион Дмитриевич
_cепископ
_f1784-1819
_3RU\NLR\AUTH\7710299
_9120078
710 0 2 _aПетербургская духовная академия
_3RU\NLR\AUTH\8810077
_9292697
712 0 1 _4610
_aРоссия
_bМорское министерство
_bТипография
_3RU\NLR\AUTH\889944172
_9383522
801 0 _aRU
_bNLR
_c20141014
_gpsbo
801 1 _aRU
_bNLR
_c20141014
_2rusmarc
801 2 _aRU
_bNLR
_c20141014
_2rusmarc
852 _aNLR
_j18.51.3.81 (...28 июля 1821 года)
852 _aNLR
_j18.101.7.389 (...августа 9 дня 1819 года)
852 _aNLR
_j138/1286 (2) (...июля 18 дня 1817 года)
942 _cBOOK